| 000 | 005590000a22001810004500 | ||
|---|---|---|---|
| 090 |
_aAR _b03896 |
||
| 245 | 1 | 0 | _aVerzeichniss der von E. Steinheil in Neu-Granada gesammelten coprophagen Lamellicornien |
| 500 | _a<Colección Recursos Genéticos> | ||
| 650 | 1 | 4 |
_aEntomología _94483 |
| 650 | 1 | 4 |
_aColeópteros _97857 |
| 650 | 1 | 4 |
_aTaxonomía animal _98245 |
| 650 | 1 | 4 |
_aMorfología animal _99953 |
| 651 | 4 |
_pColombia _992749 |
|
| 041 | 0 | _aAlemán | |
| 100 | 1 |
_aHorold, E. V. _997723 |
|
| 942 | _cARTICULO | ||
| 773 | 1 |
_tStettiner Ent. Zeitung _q13-46 _d1789 _g41 |
|
| 999 |
_c12931 _d12931 |
||